000 00293nam a22001217a 4500
020 _a9788190907071
082 _a070.43
100 _aSanjeev Soori
245 _aInvestigative journalism context and practice
260 _aNew Delhi
_bAxis publications
_c2010
300 _a282p
942 _cBK
999 _c2775
_d2775